| 000 | 00000nam##2200000za#4500 |
| 001 | 9.574116 |
| 003 | CaOODSP |
| 005 | 20210624184027 |
| 007 | cr ||||||||||| |
| 008 | 150406|2004||||xxc|||||o f|0| 0 eng|d |
| 022 | |a1488-5379 |
| 040 | |aCaOODSP|beng |
| 043 | |an-cn--- |
| 086 | 1 |aFs97-6/2533E-PDF |
| 110 | 1 |aCanada. |bDepartment of Fisheries and Oceans. |bPacific Region. |
| 245 | 10|aHook and line survey of lingcod (Ophiodon elongatus) and rockfish (Sebastes sp.) stocks in southern Strait of Georgia (statistical areas 17, 18 and 19) October 2003 / |h[electronic resource]|cby D.R. Haggarty and J.R. King. |
| 260 | |aNanaimo - British Columbia : |bFisheries and Oceans Canada. |cc2004. |
| 300 | |a48p.|bgraphs, maps, references, tables |
| 490 | 1 |aCanadian technical report of fisheries and aquatic sciences|x1488-5379|vNo. 2533 |
| 500 | |aThe catalogue number (Fs97-6/2533E) and ISSN (0706-6457) for the print edition have been incorrectly copied in this electronic publication. |
| 546 | |a(Résumé en français) |
| 590 | |a12-23-Supp|b2012-05-28 |
| 720 | 1 |aHaggarty, D. R. |
| 720 | 1 |aKing, J. R. |
| 776 | 0#|tHook and line survey of lingcod (Ophiodon elongatus) and rockfish (Sebastes sp.) stocks in Southern Strait of Georgia (Statistical areas 17, 18 and 19) October 2003 / |w(CaOODSP)9.617060 |
| 830 | #0|aCanadian technical report of fisheries and aquatic sciences,|x1488-5379|vNo. 2533|w(CaOODSP)9.504449 |
| 856 | 40|ahttp://publications.gc.ca|qPDF|s3.65 MB|uhttps://publications.gc.ca/collections/collection_2012/mpo-dfo/Fs97-6-2533-eng.pdf|yNo. 2533 |